Effect of Using FLY ASH on Fresh and Strength Properties of Self Compacting (Record no. 66717)

MARC details
000 -LEADER
fixed length control field 00290nam a22001097a 4500
082 ## - DEWEY DECIMAL CLASSIFICATION NUMBER
Classification number R/4CE16
100 ## - MAIN ENTRY--AUTHOR NAME
Personal name Mazharuddin
-- 16CE59
245 ## - TITLE STATEMENT
Title Effect of Using FLY ASH on Fresh and Strength Properties of Self Compacting
260 ## - PUBLICATION, DISTRIBUTION, ETC. (IMPRINT)
Place of publication Nawabshah
Name of publisher QUEST
Year of publication 2019
300 ## - PHYSICAL DESCRIPTION
Number of Pages 37
942 ## - ADDED ENTRY ELEMENTS (KOHA)
Koha item type Thesis and Dissertation
Holdings
Withdrawn status Lost status Home library Current library Date acquired Full call number Accession Number Koha item type
    Central Library, QUEST, Nawabshah Research Section 26/11/2020 R/4CE16 CEP/56-705 Thesis and Dissertation